000 00564nam a22001937a 4500
008 150511b xxu||||| |||| 00| 0 eng d
020 _a9780073384276 (hard copy : alk. paper)
020 _a0073384275 (hard copy : alk. paper)
041 0 _aeng
080 _a512
100 _aHendricks, Andrea.
245 1 0 _aBeginning algebra /
_cAndrea Hendricks, Oiyin Pauline Chow.
250 _aBotimi parë
260 _aNew York :
_bMcGraw-Hill,
_cc2013.
300 _a710 f
_bme il
_c29 cm.
650 _aAlgjebra
700 _aChow, Oiyin Pauline.
942 _2udc
_cBK
999 _c734
_d734